Apprenez les comtés de Norvège - Statistiques

Statistiques générales
  • Ce quiz a été pris 179 fois
  • Le résultat moyen est 3 sur 12
Statistiques - réponses
Hint Réponse % Correct
Comté Oslo
87%
Comté Nordland
46%
Territoire Svalbard
38%
Comté Trøndelag
36%
Comté Vestland
33%
Comté Innlandet
23%
Comté Agder
21%
Comté Rogaland
18%
Comté Troms og Finnmark
13%
Comté Viken
13%
Comté Møre og Romsdal
8%
Comté Vestfold og Telemark
8%
Aucun quiz correspondant
Distribution des résultats
% des personnes avec chaque résultat
Percentile par nombre de réponses
Votre historique - résultats
Vous n’avez pas pris ce quiz